Milk marketing under federal control; (Record no. 10509)

MARC details
000 -LEADER
fixed length control field 00834cam a22002651 4500
001 - CONTROL NUMBER
control field agr46000223
003 - CONTROL NUMBER IDENTIFIER
control field DLC
005 - DATE AND TIME OF LATEST TRANSACTION
control field 20260227111005.0
008 - FIXED-LENGTH DATA ELEMENTS--GENERAL INFORMATION
fixed length control field 780715s1946 dcu b 000 0 eng
010 ## - LIBRARY OF CONGRESS CONTROL NUMBER
LC control number agr46000223
035 ## - SYSTEM CONTROL NUMBER
System control number (OCoLC)4054841
040 ## - CATALOGING SOURCE
Original cataloging agency DLC
Transcribing agency OAk
Modifying agency NcRS
-- DLC
042 ## - AUTHENTICATION CODE
Authentication code premarc
050 00 - LIBRARY OF CONGRESS CALL NUMBER
Classification number HD9282.A3
Item number U547
082 ## - DEWEY DECIMAL CLASSIFICATION NUMBER
Classification number 338.1771
100 1# - MAIN ENTRY--PERSONAL NAME
Personal name McFarland, Carl,
Dates associated with a name 1904-1979.
245 10 - TITLE STATEMENT
Title Milk marketing under federal control;
Statement of responsibility, etc. introduction by B. F. Castle text and compilations by Carl McFarland.
260 ## - PUBLICATION, DISTRIBUTION, ETC.
Place of publication, distribution, etc. [Washington]
Name of publisher, distributor, etc. Milk industry foundation,
Date of publication, distribution, etc. 1946.
300 ## - PHYSICAL DESCRIPTION
Extent vii, 205 p.
Dimensions 24 cm.
500 ## - GENERAL NOTE
General note "Privately printed."--Introd.
504 ## - BIBLIOGRAPHY, ETC. NOTE
Bibliography, etc. note "References": p. 61-64.
650 #0 - SUBJECT ADDED ENTRY--TOPICAL TERM
Topical term or geographic name entry element Milk trade
Geographic subdivision United States.
710 2# - ADDED ENTRY--CORPORATE NAME
Corporate name or jurisdiction name as entry element Milk Industry Foundation (U.S.)
740 0# - ADDED ENTRY--UNCONTROLLED RELATED/ANALYTICAL TITLE
Uncontrolled related/analytical title Federal control.

No items available.

Powered by Koha